000 00435nam a22001457a 4500
005 20180722115649.0
020 _a8176488380
_c895.00
035 _aB-158907, B-158903
037 _aDPL
_bENG
100 _aSingh, Sita Ram
245 _aLand reforms and farm diversity /
_cby Sita Ram Singh
260 _aNew Delhi
_bAPH Publishing Corporation
_c2005
300 _av, 366p.
_c20 cms.
942 _2ddc
_cEN
_h333.3154
_mSIT
999 _c66984
_d66984